[Event "AUTO-OPEN-3388"]
[Site "http://www.queenalice.com/game.php?id=1383712"]
[Date "2015.9.17"]
[Round "3"]
[White "Champignac"]
[Black "MarTraM"]
[Result "1/2-1/2"]
[WhiteElo "1965"]
[BlackElo "2340"]

1. c4 e6 2. Nc3 Nc6 3. Nf3 Nf6 4. e4 Bb4 5. d4 O-O 6. Bd2 Bxc3 7. Bxc3 Nxe4 8.
Bd3 Nxc3 9. bxc3 Re8 10. O-O b6 11. h3 Bb7 12. Qc2 g6 13. h4 Ne7 14. Qd2 Bxf3
15. gxf3 Nf5 16. Bxf5 exf5 17. Qf4 c6 18. Kg2 Qf6 19. Rh1 d6 20. Rh3 Re7 21. Rg1
Rae8 22. Kh2 Re2 23. Rg2 Rxa2 24. h5 Ree2 25. hxg6 fxg6 26. Qh6 Rxf2 27. Qxh7+
Kf8 28. Rg3 Rxg2+ 29. Rxg2 Rxg2+ 30. Kxg2 Qg5+ 31. Kf2 Qd2+ 32. Kg3 Qe1+ 33. Kf4
Qc1+ 34. Kg3 Qg1+ 35. Kf4 Qc1+ 36. Kg3 Qg5+ 37. Kf2 Qd2+ 38. Kg3 Qxc3 39. Qh8+
Kf7 40. Qh7+ Kf6 41. Qh8+ Kf7 1/2-1/2

[Event "AUTO-OPEN-3555"]
[Site "http://www.queenalice.com/game.php?id=1388469"]
[Date "2015.10.10"]
[Round "1"]
[White "roli68"]
[Black "MarTraM"]
[Result "0-1"]
[WhiteElo "1695"]
[BlackElo "2285"]

1. e4 e5 2. d4 exd4 3. Qxd4 Nc6 4. Qe3 d6 5. f4 Nf6 6. h3 Be7 7. Nc3 O-O 8. f5
Re8 9. Qg3 Nh5 10. Qg4 Nf6 11. Qg3 d5 12. Bh6 g6 13. h4 Nh5 14. Qf3 dxe4 15.
Nxe4 Ne5 16. Qc3 Nc6 17. g4 Bf6 18. Qe3 gxf5 19. Rd1 Qe7 20. Nxf6+ Nxf6 21. Qxe7
Rxe7+ 22. Kd2 Nxg4 23. Bg5 f6 24. Bf4 Nf2 25. Rh2 Nxd1 26. Kxd1 Be6 27. b3 Rd8+
28. Kc1 Red7 29. Rg2+ Kh8 30. Rd2 Ne5 31. Bg2 Rxd2 32. Bxd2 Rg8 33. Bxb7 Rxg1+
34. Kb2 Ng6 35. h5 Ne5 36. Be3 Rg3 37. Bxa7 Rh3 38. Bg2 Rxh5 39. Bb8 Rh2 40. Bf1
c5 41. a4 Nc6 42. Bxh2 Na5 43. Be5 fxe5 0-1

[Event "AUTO-OPEN-3555"]
[Site "http://www.queenalice.com/game.php?id=1388470"]
[Date "2015.10.10"]
[Round "1"]
[White "MarTraM"]
[Black "roli68"]
[Result "1-0"]
[WhiteElo "2263"]
[BlackElo "1660"]

1. d4 d5 2. c4 dxc4 3. Nc3 Nc6 4. Nf3 a6 5. a4 Nb4 6. e4 f5 7. Bxc4 Nf6 8. e5
Ne4 9. Be3 e6 10. Nxe4 fxe4 11. Ng5 Qd7 12. Bxe6 Qc6 13. Rc1 Nd3+ 14. Ke2 Nxc1+
15. Qxc1 Qxc1 16. Rxc1 c6 17. Bxc8 Rxc8 18. Nxe4 h5 19. d5 Rh6 20. Bxh6 gxh6 21.
d6 Rd8 22. Nf6+ Kf7 23. Nxh5 Ke6 24. f4 Rc8 25. g4 c5 26. Kd3 b6 27. b3 a5 28.
Kc4 Rd8 29. Kb5 Rb8 30. Rd1 Rb7 31. Nf6 Bg7 32. d7 Bxf6 33. Rd6+ Kf7 34. Rxf6+
Ke7 35. Rxh6 Kxd7 36. Rh7+ Kc8 37. Rxb7 Kxb7 38. e6 Kc7 39. f5 Kd6 40. Kxb6 Kd5
41. e7 Kd4 42. e8=Q Kc3 43. Qe3+ Kb4 44. f6 c4 45. bxc4 Kxa4 46. f7 Kb4 47.
f8=Q+ Kxc4 48. Qf7+ Kb4 49. Qeb3# 1-0

[Event "AUTO-OPEN-3555"]
[Site "http://www.queenalice.com/game.php?id=1388499"]
[Date "2015.10.10"]
[Round "1"]
[White "MarTraM"]
[Black "Tonto"]
[Result "1-0"]
[WhiteElo "2278"]
[BlackElo "2009"]

1. d4 d5 2. c4 Nf6 3. Nc3 Bf5 4. Nf3 Nc6 5. e3 Nb4 6. e4 dxe4 7. Qa4+ Nc6 8. Ne5
Bd7 9. Nxd7 Qxd7 10. Bf4 Nxd4 11. O-O-O Qxa4 12. Nxa4 b6 13. Rxd4 Ng4 14. Bg3
Nf6 15. Bxc7 e6 16. Be5 Ng4 17. Bg3 Be7 18. Rxe4 Bg5+ 19. f4 Be7 20. Be2 Nf6 21.
Rd4 O-O 22. Bf3 Rac8 23. Kb1 Ne8 24. Rhd1 Nc7 25. Rd7 Bf6 26. Bb7 Rcd8 27. Rxd8
Bxd8 28. Nc3 Bf6 29. Ne4 Be7 30. Rd7 Bd8 31. Nd6 e5 32. fxe5 Ne6 33. Bd5 Kh8 34.
Nxf7+ Kg8 35. Bxe6 h6 36. Rxd8 Rxd8 37. Nxd8+ Kf8 38. Nc6 a6 39. b4 g5 40. Bc8
1-0

[Event "AUTO-OPEN-3555"]
[Site "http://www.queenalice.com/game.php?id=1388500"]
[Date "2015.10.10"]
[Round "1"]
[White "Tonto"]
[Black "MarTraM"]
[Result "1-0"]
[WhiteElo "1980"]
[BlackElo "2300"]

1. e4 e5 2. Nf3 Nc6 3. a3 Nf6 4. d3 Bc5 5. h3 O-O 6. Nc3 h6 7. Be2 d6 8. b4 Bd4
9. Nxd4 Nxd4 10. O-O c6 11. Bh5 Nxh5 12. Qxh5 Qf6 13. Ra2 Be6 14. Rb2 b5 15. f4
Qg6 16. Qxg6 fxg6 17. Rf2 Rxf4 18. Bxf4 exf4 19. Rxf4 a5 20. Rf2 axb4 21. Rxb4
c5 22. Rb2 Rxa3 23. Nxb5 Nxb5 24. Rxb5 Ra6 25. Rb8+ Kh7 26. g4 g5 27. c4 Kg6 28.
Re8 Bf7 29. Re7 Ra1+ 30. Kg2 Rd1 31. Rfxf7 Rxd3 32. Rxg7+ Kf6 33. Ref7+ Ke5 34.
Rg6 Kxe4 35. Rxh6 Kd4 36. Rxd6+ Kxc4 37. Rxd3 Kxd3 38. Rf5 c4 39. Rxg5 c3 40.
Rc5 c2 41. g5 1-0

[Event "AUTO-OPEN-3555"]
[Site "http://www.queenalice.com/game.php?id=1388501"]
[Date "2015.10.10"]
[Round "1"]
[White "MarTraM"]
[Black "rocha"]
[Result "0-1"]
[WhiteElo "2203"]
[BlackElo "1752"]

1. d4 d5 2. c4 h6 3. cxd5 Qxd5 4. Nc3 Qa5 5. Bd2 Qb4 6. Nd5 Qd6 7. Qb3 Nd7 8. e3
Nb6 9. Nxb6 axb6 10. Nf3 f6 11. Bc4 e6 12. O-O Bd7 13. Rac1 Ba4 14. Qd3 c6 15.
Qg6+ Ke7 16. b3 Bb5 17. Bxb5 Kd7 18. Bd3 Ne7 19. Qg3 Nf5 20. Bxf5 Qxg3 21. Bxe6+
Kxe6 22. hxg3 Rxa2 23. Ra1 Ra6 24. b4 Bd6 25. Nh4 Rha8 26. Rxa6 Rxa6 27. b5 cxb5
28. Rb1 Kd5 29. Nf5 b4 30. Bxb4 Bxb4 31. Rxb4 Ra1+ 32. Kh2 Kc6 33. Nxg7 Rf1 34.
f3 Rd1 35. Nf5 Rc1 36. Nxh6 b5 37. e4 Ra1 38. Ng4 Ra4 39. Rxa4 bxa4 40. Ne3 a3
41. Nc2 a2 42. d5+ Kd6 43. Na1 b5 44. Kh3 b4 45. Kh4 Ke5 0-1

[Event "AUTO-OPEN-3555"]
[Site "http://www.queenalice.com/game.php?id=1388502"]
[Date "2015.10.10"]
[Round "1"]
[White "rocha"]
[Black "MarTraM"]
[Result "1-0"]
[WhiteElo "1722"]
[BlackElo "2226"]

1. d3 e6 2. Bd2 Nf6 3. f3 Bc5 4. e3 O-O 5. d4 Bb6 6. Bb4 Re8 7. Nh3 d6 8. Na3 a5
9. Bc3 c5 10. Bb5 Bd7 11. Ng5 h6 12. Ne4 Nxe4 13. fxe4 Bxb5 14. Nxb5 Qh4+ 15.
Kd2 cxd4 16. Bxd4 Bc5 17. Qf3 Qe7 18. Qg3 e5 19. Bc3 Nc6 20. a3 Qg5 21. Rae1
Qxg3 22. hxg3 Na7 23. Nc7 b5 24. Nxa8 Rxa8 25. Bxa5 Nc6 26. Bb4 Bxb4+ 27. axb4
Nxb4 28. g4 Ra2 29. Rb1 f6 30. c3 Na6 31. Ra1 Rxb2+ 32. Kc1 Rxg2 33. Rxa6 Rxg4
34. Rxd6 Rxe4 35. Rd3 Ra4 36. Kb2 Ra8 37. e4 Ra4 38. Rh4 Kh7 39. Kb3 g5 40. Rd7+
Kg6 41. Rd5 gxh4 42. Rxb5 Rxe4 43. Rd5 h3 44. Rd3 h2 45. Rh3 Re2 46. Kc4 1-0

[Event "AUTO-OPEN-3322"]
[Site "http://www.queenalice.com/game.php?id=1390660"]
[Date "2015.10.24"]
[Round "3"]
[White "MarTraM"]
[Black "jlpbarreto"]
[Result "0-1"]
[WhiteElo "2115"]
[BlackElo "1939"]

1. d4 Nf6 2. c4 c5 3. d5 e5 4. dxe6 dxe6 5. Qxd8+ Kxd8 6. Bg5 Be7 7. Nc3 a6 8.
a4 Nc6 9. Nf3 Kc7 10. Bf4+ Bd6 11. Bxd6+ Kxd6 12. Rd1+ Ke7 13. e3 b6 14. Bd3 Bb7
15. O-O Rad8 16. Bc2 Nb4 17. Rxd8 Rxd8 18. Bd1 Nd3 19. b3 h6 20. h3 Ne4 21. Nxe4
Bxe4 22. Be2 a5 23. Rd1 Nb4 24. Rxd8 Kxd8 25. Nd2 Bg6 26. Kf1 Kd7 27. e4 e5 28.
g4 f6 29. f3 Nc6 30. h4 h5 31. g5 fxg5 32. hxg5 Nd4 33. Kf2 Bf7 34. Bd1 Ne6 35.
Kg3 Nxg5 36. Kh4 Ne6 37. Be2 g5+ 38. Kg3 Nf4 39. Kf2 Be6 0-1

[Event "AUTO-OPEN-3322"]
[Site "http://www.queenalice.com/game.php?id=1390661"]
[Date "2015.10.24"]
[Round "3"]
[White "jlpbarreto"]
[Black "MarTraM"]
[Result "0-1"]
[WhiteElo "1947"]
[BlackElo "2329"]

1. e4 e5 2. Nf3 Nc6 3. Bb5 Nge7 4. O-O g6 5. d4 exd4 6. Bg5 Bg7 7. Nbd2 h6 8.
Nb3 hxg5 9. Nxg5 a6 10. Bc4 Ne5 11. Be2 N7c6 12. Nh3 d6 13. Nf4 Be6 14. Nd3 Nxd3
15. cxd3 Qg5 16. f4 Qd8 17. Qc2 Qh4 18. h3 Bxh3 19. Rf3 Bg4 20. Nd2 Bxf3 21.
Nxf3 Qh1+ 0-1